000 00257nam a2200097Ia 4500
001 922380
005 20250826191443.0
008 250824s9999 xx 000 0 und d
245 0 _aSEVDİREREK DİN EĞİTİMİ
_cHATİCE KÜBRA TONGAR
260 _bHAYY YAYINLARI
999 _c922380
_d922380